| 000 | 00613nam a2200205Ia 4500 | ||
|---|---|---|---|
| 003 | OSt | ||
| 005 | 20250617164911.0 | ||
| 008 | 210210b2002 xxu||||| |||| 00| 0 eng d | ||
| 040 | _cAL | ||
| 041 | _aKannada | ||
| 082 | _a553.7K SHRB | ||
| 100 |
_aSHRI PADRE. _dಶ್ರೀ ಪಡ್ರೆ _9172498 |
||
| 245 |
_aBanigondu alike. _bಬಾನಿಗೊಂದು ಆಲಿಕೆ |
||
| 260 |
_aMangaluru _bMargadarshi Prakashana _c2002 |
||
| 300 | _aviii,86 | ||
| 650 |
_acollection of sucess stories of soiland water conservation _9172499 |
||
| 690 |
_aHydrology _9172500 |
||
| 906 | _a059344 | ||
| 942 |
_2ddc _cBK |
||
| 999 |
_c106502 _d106502 |
||